000 01091nam a22003495b 4500
001 446
003 DO-SdBPM
005 20251120085059.0
007 ta
008 950710s1992 sp a | | ||spa
017 _a
_b
020 _a8434210045
040 _aDO-SdBPM
_bspa
_cBPMSU
_erda
082 4 _a808.068
_bP259m 1992
_222
100 1 _aParramón, J. M.
_eautor
_4aut.
_d
245 1 0 _aMi escuela /
_c J. M. Parramón ; ilustraciones de Irene Bordoy /
_h
250 _a
264 _aBarcelona :
_bParramón Ediciones ,
_c1992
300 _avarias paginaciones. :
_bilustraciones ;
_c20 cm
336 _atexto
_btxt
_2rdacontent
337 _asin mediación
_bn
_2rdamedia
338 _avolumen
_bnc
_2rdacarrier
490 0 _aPrimera Biblioteca de los Niños.
_a
_v
590 _aInventariado, 2025/VM
600 _2
650 7 _aLibros y lectura para niños
_v
650 7 _alibros ilustrados para niños
_v
650 7 _aCuentos infantiles
_v
700 1 _aBordoy, Irene
_eilustrador
910 _aVMateo V. Control de calidad. BPMSU
942 _2ddc
_cBK
999 _c15521
_d15521